Normal view
MARC view
Entry Topical Term
001 - CONTROL NUMBER
- control field: 8221
003 - CONTROL NUMBER IDENTIFIER
- control field: OSt
005 - DATE AND TIME OF LATEST TRANSACTION
- control field: 20160425130115.0
008 - FIXED-LENGTH DATA ELEMENTS
- fixed length control field: 160425|| aca||aabn | a|a d
040 ## - CATALOGING SOURCE
- Original cataloging agency: OSt
- Transcribing agency: OSt
150 ## - HEADING--TOPICAL TERM
- Topical term or geographic name entry element: Physics dictionary
670 ## - SOURCE DATA FOUND
- Source citation: Work cat.: (OSt): McGraw Hill 8220, McGraw-Hill dictionary of physics /, 1997
